10 największych powiatów w Polsce pod względem powierzchni. - Statystyki

Ogólne statystyki
  • Ten quiz został rozwiązany 23 razy
  • Średni wynik to 7 z 10
Statystyki odpowiedzi
Województwo Powierzchnia Odpowiedź % Poprawnych
Podlaskie 2 976,44 km² białostocki
100%
Warmińsko-Mazurskie 2 838,02 km² olsztyński
100%
Świętokrzyskie 2 246,07 km² kielecki
95%
Lubelskie 2 754,26 km² bialski
80%
Wielkopolskie 1 899,88 km² poznański
80%
Pomorskie 2 304,24 km² słupski
80%
Pomorskie 2 192,07 km² bytowski
60%
Mazowieckie 2 093,55 km² ostrołęcki
50%
Warmińsko-Mazurskie 1 933,21 km² szczycieński
50%
Podlaskie 2 054,50 km² sokólski
45%
Nie znaleziono quizów pasujących do podanych kryteriów
Rozkład punktacji
Procent ludzi z każdym wynikiem
Percentyl według liczby udzielonych odpowiedzi
Twoja historia wyników
Nie rozwiązałeś tego quizu